| 000 | 01042nam a2200337 i 4500 | ||
|---|---|---|---|
| 999 |
_c66590 _d66590 |
||
| 001 | 768714001 | ||
| 003 | CO-MdFUSB | ||
| 005 | 20200910143644.0 | ||
| 007 | ta | ||
| 008 | 200910t1979 -us |||| |||| 00| 0 eng d | ||
| 020 | _a0819104736 | ||
| 040 |
_aCO-MdFUSB _bspa _cCO-MdFUSB _dCO-MdFUSBC _erda |
||
| 041 | _aeng | ||
| 082 |
_223 _a487.4 _bB873 |
||
| 100 |
_aBrooks, James A. _eautor |
||
| 245 |
_aSyntax of New Testament Greek _c/ James A Brooks , Carlton L Winbery |
||
| 264 | 1 |
_aEstados Unidos : _bUniversity Press of America, _c[1979] |
|
| 264 | 4 | _c© 1979 | |
| 300 |
_a204 páginas _c; 22 cm |
||
| 336 |
_2rdacontent _atexto _btdi |
||
| 337 |
_2rdamedia _asin mediación _bn |
||
| 338 |
_2rdacarrier _avolumen _bnc |
||
| 505 | _aParte I. El sustantivo - Parte II. El verbo - Parte III. Aspectos de las oraciones griegas. | ||
| 563 | _aRústico | ||
| 653 | _aIdioma griego | ||
| 653 | _aSintaxis | ||
| 700 |
_94818 _aWinbery, Carlton L. _eautor |
||
| 942 | _cBK | ||
| 945 | _aJTF-925 | ||